02629njm a2200457Ia 450000100060000000300090000600500170001500800410003204000130007304000130008604100120009910000110011110000180012210000380014024500110017825000110018926000080020026000650020830000100027330000290028350000150031250502710032765000450059870000590064370000820070270000730078470000920085770001070094970000890105670001020114570000910124770001000133870001050143870000840154370000970162770000790172470000960180370000880189970000960198770000880208327628IT-RoPAU20220918181118.0131025s9999 xx 000 0 und d aIT-RoPAU cIT-RoPAU aINGLESE aAA.VV. eAutore musica gCodice autore musica SPICS: 12000 aCocker a1a ed. aUSA bCAPITOL RECORDSc1986 [1a Ed.:1986 - Ed. Lingua Orig.: 1986] aDISCO c47 minuti (Testo: pag.) aMusica pop aShelter Me (6:00) - A To Z (5:00) - Don't You Love Me Anymore (6:00) - Living Without Your Love (5:00) - Don't Drink the Water (4:00) - You Can Leave Your Hat On (5:00) - Heart of the Matter (5:00) - Inner City Blues (6:00) - Love Is On A Fade (5:00) - Heaven (5:00) aPOP [DISCHI]eCodice MATERIA SPICS: 9950 aCocker JoegCodice interprete SPICS: 10157eInterprete aDi Stefano NickgCodice autore musica SPICS: 28387eAutore musicapShelter Me aKimmel TomgCodice autore musica SPICS: 22342eAutore musicapA To Z aHammond A.gCodice autore musica SPICS: 14448eAutore musicapDon't You Love Me Anymore aWarren DiannegCodice autore testo/musica SPICS: 28388eAutore testo/musicapDon't You Love Me Anymore aJames D.gCodice autore musica SPICS: 28389eAutore musicapLiving Without Your Love aBolton M.gCodice autore testo/musica SPICS: 28390eAutore testo/musicapLiving Without Your Love aRobinson PetergCodice autore musica SPICS: 1980eAutore musicapDon't Drink the Water aFeldman R.gCodice autore testo/musica SPICS: 28391eAutore testo/musicapDon't Drink the Water aNewman RandygCodice autore testo/musica SPICS: 8094eAutore testo/musicapYou Can Leave Your Hat On aAerts B.gCodice autore musica SPICS: 28392eAutore musicapHeart of the Matter aMiller R.gCodice autore testo/musica SPICS: 28393eAutore testo/musicapHeart of the Matter aNyx J.gCodice autore musica SPICS: 28394eAutore musicapInner City Blues aGaye MarvingCodice autore testo/musica SPICS: 28395eAutore testo/musicapInner City Blues aMorgan DeborahgCodice autore musica SPICS: 24264eAutore musicapLove Is On A Fade aDavis S.A.gCodice autore testo/musica SPICS: 28396eAutore testo/musicapLove Is On A Fade aManning TerrygCodice autore testo/musica SPICS: 28397eAutore testo/musicapHeaven